| 000 -LEADER |
| fixed length control field |
00802nam a22001337a 4500 |
| 040 ## - CATALOGING SOURCE |
| Transcribing agency |
RUA |
| 082 ## - DEWEY DECIMAL CLASSIFICATION NUMBER |
| Classification number |
RUB SAR 2022 B643 Or. |
| 100 ## - MAIN ENTRY--AUTHOR NAME |
| Personal name |
SARY THYREANG សារី ធីរាង |
| 245 ## - TITLE STATEMENT |
| Title |
GROWTH AND YIELD COMPARISON OF 08 RUBBER CLONES IN TRIAL IR.AA.07 AT CAMBODIAN RUBBBR RESEARCH INSTITUE. ការប្រៀបធៀបការលូតលាស់ និងទិន្នផលក្លូនកៅស៊ូចំនួន០៩ ក្នុងឡូតិ៍ពិសោធន៍IR.AA.07នៅវិទ្យាស្ថានស្រាវជ្រាវកៅស៊ូកម្ពុជា |
| 260 ## - PUBLICATION, DISTRIBUTION, ETC. (IMPRINT) |
| Place of publication |
Phnom Penh |
| Name of publisher |
RUA |
| Year of publication |
2022 |
| 300 ## - PHYSICAL DESCRIPTION |
| Number of Pages |
XIV.61P |
| Other physical details |
IX. |
| Dimensions |
29CM |
| 856 ## - ELECTRONIC LOCATION AND ACCESS |
| Uniform Resource Identifier |
https://drive.google.com/file/d/1fdHPnCwmLu-pQr-cgDG9jrrUebBLTqEB/view?usp=sharing |
| 942 ## - ADDED ENTRY ELEMENTS (KOHA) |
| Koha item type |
RUB |
| 952 ## - LOCATION AND ITEM INFORMATION (KOHA) |
| Withdrawn status [LOCAL, KOHA] |
0 |
| 952 ## - LOCATION AND ITEM INFORMATION (KOHA) |
| Withdrawn status [LOCAL, KOHA] |
0 |
| 952 ## - LOCATION AND ITEM INFORMATION (KOHA) |
| Withdrawn status [LOCAL, KOHA] |
0 |
| 952 ## - LOCATION AND ITEM INFORMATION (KOHA) |
| Withdrawn status [LOCAL, KOHA] |
0 |